00523nam a2200157Ia 450000500170000000800410001708200160005810000200007424500560009426000380015030000130018850000450020194200060024695200980025299900150035020240618043644.0240331s9999 xx 000 0 und d bGANa891.48 aGanesalingan, S 0aSiththar siththanthamum sufisamumcS. Ganeshalingan aChennaibKumaran Publishersc2004 a158 p ., aA Comparative Study of Sithar Philosophy cL 001040708LaWERCLbWERCLcSSCd2024-03-31l0o 891.48 GANp5830r2024-03-31w2024-03-31yL c3913d3913